| 000 | 00654nam a2200145Ia 4500 | ||
|---|---|---|---|
| 008 | 170221s9999 xx 000 0 und d | ||
| 100 | _aAlexey I. Shinkevich | ||
| 245 | _aFeatures of Integrative Relations between Science, State and Industry in Russia and Abroad | ||
| 245 | _cAlexey I. Shinkevich, Farida F. Galimulina, Vadim O. Moiseyev, Vilora V. Avilova, Kristina S. Kuramshina, Izida I. Ishmuradova, Liudmila A. Ponkratova, Viktoriya L. Grankina | ||
| 260 | _bInternational Review of Management and Marketing | ||
| 260 | _c2016 | ||
| 300 | _a6 : 2S | ||
| 650 | _xMarketing. | ||
| 856 | _uhttp://www.econjournals.com/index.php/irmm/issue/view/71 | ||
| 999 |
_c308249 _d308249 |
||